Nástupy cvičencov na telovýchovných slávnostiach na Slovensku

Bibliographic Details
Format: Book
Language:Slovak
PhysicalDescription:31, [1] s. 8°
Published: Bratislava Náčelníctvo ZTV pri SÚV ČSTV Šport [1958]
Subjects:

MARC

LEADER 00000nam a2200000 a 4500
001 vtls008321904
003 SK-MaSNL
005 20260425232303.0
008 181127s1958 xo 000 slo
015 |a SKSNBA1958/06-00822 
035 |a SK01SNK19580014121 
035 |a SKM000016584 
040 |a SNK  |b slo  |c SNK  |e AACR2 
041 1 |a slo 
044 |a xo  |c SK 
080 |a 796.411(437.6)  |2 1981 
245 1 0 |a Nástupy cvičencov na telovýchovných slávnostiach na Slovensku 
260 |a Bratislava  |b Náčelníctvo ZTV pri SÚV ČSTV  |b Šport  |c [1958]  |e Bratislava  |f Západoslovenské tlačiarne 
300 |a 31, [1] s.  |c 8° 
500 |a Ilustr. 
500 |a Obál. tit. 
500 |a Vyd. Náčelníctvo ZTV pri SÚV ČSTV Bratislava vo vyd. Šport 
648 7 |a 1958  |2 SNK  |9 280710 
650 0 7 |a telovýchova  |2 SNKPH  |9 1044 
650 0 7 |a slávnosti  |2 SNKPH  |9 30036 
650 0 7 |a nástupy  |2 SNK  |9 469467 
650 0 7 |a schémy  |2 SNK  |9 407464 
650 0 7 |a vysvetlivky  |2 SNK  |9 469468 
651 7 |a Slovensko  |2 SNKPHgeo  |9 14231 
655 7 |a knihy  |2 SNKPH  |9 307098 
852 |a Slovenská národná knižnica v Martine  |b 10000  |h SD 15392 
852 |a Slovenská národná knižnica v Martine  |b 10000  |h SD 15392 D1 
958 |a OND 
958 |a TL 
958 |a RK 
958 |a BQ 
999 |c 734912  |d 736842 
952 |a SNK  |b SNK  |y PREZ  |7 0  |p 17A0572972  |o snkSD 15392  |i snkKSP 1739/58  |0 0  |1 0  |4 0  |d 2008-02-15  |l 0  |r 2025-11-28 00:00:00  |w 2026-02-23